Statistics for ESPN's Top 100 Footballers of 2021

Click here to take the quiz!

General Stats

  • This quiz has been taken 106 times
  • The average score is 86 of 100

Answer Stats

PositionRankClubNationPlayer% Correct
Goalkeeper#1Atletico MadridSloveniaJan Oblak
97%
Goalkeeper#3Bayern MunichGermanyManuel Neuer
97%
Goalkeeper#5LiverpoolBrazilAlisson
96%
Attacking Midfielder#7Manchester CityPortugalBernardo Silva
96%
Attacking Midfielder#2Manchester UnitedPortugalBruno Fernandes
96%
Goalkeeper#2PSGItalyGianluigi Donnarumma
96%
Right-Back#6Sevilla FCSpainJesus Navas
96%
Attacking Midfielder#1Manchester CityBelgiumKevin De Bruyne
96%
Goalkeeper#10PSGCosta RicaKeylor Navas
96%
Goalkeeper#8FC BarcelonaGermanyMarc-Andre Ter Stegen
96%
Centre-Back#8ChelseaBrazilThiago Silva
96%
Forward#2Manchester UnitedPortugalCristiano Ronaldo
94%
Goalkeeper#6Manchester CityBrazilEderson
94%
Goalkeeper#7ChelseaSenegalEdouard Mendy
94%
Goalkeeper#9Aston VillaArgentinaEmiliano Martinez
94%
Left-Back#9Real MadridFranceFerland Mendy
94%
Striker#7Inter MilanArgentinaLautaro Martinez
94%
Attacking Midfielder#5Manchester UnitedFrancePaul Pogba
94%
Winger#3Manchester CityEnglandRaheem Sterling
94%
Winger#1LiverpoolSenegalSadio Mane
94%
Goalkeeper#4Real MadridBelgiumThibaut Courtois
94%
Centre-Back#10LiverpoolNetherlandsVirgil Van Dijk
94%
Left-Back#1LiverpoolScotlandAndrew Robertson
93%
Striker#5Tottenham HotspurEnglandHarry Kane
93%
Forward#6Tottenham HotspurSouth KoreaHeung-Min Son
93%
Right-Back#3Manchester CityPortugalJoao Cancelo
93%
Forward#3PSGFranceKylian Mbappe
93%
Forward#1PSGArgentinaLionel Messi
93%
Forward#5PSGBrazilNeymar
93%
Centre-Back#4Manchester UnitedFranceRaphael Varane
93%
Right-Back#1PSGMoroccoAchraf Hakimi
91%
Centre-Back#6Real MadridAustriaDavid Alaba
91%
Centre Midfielder#3ChelseaItalyJorginho
91%
Centre Midfielder#8Real MadridCroatiaLuka Modric
91%
Attacking Midfielder#4Manchester CityEnglandPhil Foden
91%
Centre-Back#1Manchester CityPortugalRuben Dias
91%
Manager#1ChelseaGermanyThomas Tuchel
91%
Right-Back#2LiverpoolEnglandTrent Alexander-Arnold
91%
Left-Back#2Bayern MunichCanadaAlphonso Davies
90%
Striker#2Borussia DortmundNorwayErling Haaland
90%
Centre Midfielder#10FC BarcelonaNetherlandsFrenkie De Jong
90%
Centre Midfielder#9Manchester CityGermanyIlkay Gundogan
90%
Manager#4LiverpoolGermanyJurgen Klopp
90%
Forward#4LiverpoolEgyptMohamed Salah
90%
Manager#2Manchester CitySpainPep Guardiola
90%
Winger#9Manchester CityAlgeriaRiyad Mahrez
90%
Striker#1Bayern MunichPolandRobert Lewandowski
90%
Striker#4ChelseaBelgiumRomelu Lukaku
90%
Centre-Back#5ChelseaGermanyAntonio Rudiger
89%
Centre-Back#3JuventusItalyGiorgio Chiellini
89%
Centre Midfielder#2Bayern MunichGermanyJoshua Kimmich
89%
Striker#3Real MadridFranceKarim Benzema
89%
Striker#6Atletico MadridUruguayLuis Suarez
89%
Centre Midfielder#5PSGItalyMarco Verratti
89%
Centre-Back#2PSGBrazilMarquinhos
89%
Attacking Midfielder#6ChelseaEnglandMason Mount
89%
Centre Midfielder#1ChelseaFranceN'Golo Kante
89%
Right-Back#4ChelseaEnglandReece James
89%
Attacking Midfielder#3Bayern MunichGermanyThomas Muller
89%
Winger#10PSGArgentinaAngel Di Maria
87%
Manager#5Tottenham HotspurItalyAntonio Conte
87%
Centre Midfielder#6Real MadridBrazilCasemiro
87%
Right-Back#9ChelseaSpainCesar Azpilicueta
87%
Left-Back#5FC BarcelonaSpainJordi Alba
87%
Forward#8ChelseaGermanyKai Havertz
87%
Centre-Back#7NapoliSenegalKalidou Koulibaly
87%
Centre-Back#9JuventusItalyLeonardo Bonucci
87%
Winger#5Real MadridBrazilVinicius Junior
87%
Striker#10AC MilanSwedenZlatan Ibrahimovic
87%
Right-Back#10Bayern MunichFranceBenjamin Pavard
86%
Right-Back#5Manchester CityEnglandKyle Walker
86%
Left-Back#10Manchester UnitedEnglandLuke Shaw
86%
Right-Back#7Atletico MadridEnglandKieran Trippier
84%
Centre Midfielder#7FC BarcelonaSpainPedri
84%
Left-Back#7ChelseaSpainMarcos Alonso
83%
Forward#7FC BarcelonaNetherlandsMemphis Depay
83%
Striker#8LazioItalyCiro Immobile
81%
Manager#7Atletico MadridArgentinaDiego Simeone
81%
Winger#2JuventusItalyFederico Chiesa
81%
Winger#7Manchester CityEnglandJack Grealish
81%
Left-Back#3AC MilanFranceTheo Hernandez
81%
Winger#4Bayern MunichGermanySerge Gnabry
80%
Forward#9AjaxSerbiaDusan Tadic
79%
Winger#6NapoliItalyLorenzo Insigne
79%
Striker#9Real SociedadSwedenAlexander Isak
76%
Centre Midfielder#4Inter MilanItalyNicolo Barella
70%
Left-Back#6Borussia DortmundPortugalRaphael Guerreiro
70%
Attacking Midfielder#10West Ham UnitedCzech RepublicTomas Soucek
70%
Forward#10Villarreal CFSpainGerard Moreno
69%
Winger#8Real SociedadSpainMikel Oyarzabal
67%
Manager#3Italy ( National Team )ItalyRoberto Mancini
67%
Left-Back#8AtalantaGermanyRobin Gosens
67%
Left-Back#4AS RomaItalyLeonardo Spinazzola
66%
Attacking Midfielder#8Olympique LyonBrazilLucas Paqueta
66%
Right-Back#8Inter MilanNetherlandsDenzel Dumfries
64%
ManagerManagerGermany ( National Team )GermanyHansi Flick
63%
Manager#6Bayern MunichGermanyJulian Nagelsmann
60%
Manager#8Villarreal CFSpainUnai Emery
57%
Attacking Midfielder#9SampdoriaDenmarkMikkel Damsgaard
46%
ManagerManagerArgentina ( National Team )ArgentinaLionel Scaloni
24%

Score Distribution

Percentile by Number Answered

Percent of People with Each Score

Your Score History

You have not taken this quiz